Forensic plant science

Bibliographic Details
Format: Book
Published: UK : Academic Press , 2017
Subjects:

MARC

LEADER 00000cam a2200000 7i4500
001 0000004170
005 20181228.0
020 0 0 |a 9780128014752 
090 0 0 |a 363.2   |b FORE 2017 
245 0 0 |a Forensic plant science   |c Jane H.Bock & David O.Norris 
260 0 0 |a UK :   |b Academic Press ,   |c 2017 
300 |a xi.203 p. :   |b illcol. ;   |c 24 cm. 
500 0 0 |a Includes index 
650 0 0 |a Forensic evidence 
650 0 0 |a Plant science 
998 |a JPSM 
999 |a 008040   |b Monograph   |c Open Shelf   |e Default branch